| 000 | 00357 a2200121 4500 | ||
|---|---|---|---|
| 001 | ART_12200 | ||
| 005 | 20260410161904.0 | ||
| 008 | 260409a | ||
| 245 | 1 | 0 | _aOn the evaluation of poly-t density functions |
| 100 | 1 | _aRichard, J.F. | |
| 700 | 1 | _aTompa, H. | |
| 773 | 0 |
_tJournal of econometrics _g- Vol. 12, NÂș 3 (abr. 1980) _wREV11720 |
|
| 999 |
_c26182 _d26182 |
||